<?xml version="1.0" encoding="UTF-8"?>
<record
    xmlns:xsi="http://www.w3.org/2001/XMLSchema-instance"
    xsi:schemaLocation="http://www.loc.gov/MARC21/slim http://www.loc.gov/standards/marcxml/schema/MARC21slim.xsd"
    xmlns="http://www.loc.gov/MARC21/slim">

  <leader>00811nam a22002057a 4500</leader>
  <datafield tag="999" ind1=" " ind2=" ">
    <subfield code="c">194122</subfield>
    <subfield code="d">194122</subfield>
  </datafield>
  <controlfield tag="005">20230112170123.0</controlfield>
  <datafield tag="010" ind1=" " ind2=" ">
    <subfield code="a">B-747657-668                  E.N.A./7.11.22</subfield>
  </datafield>
  <datafield tag="020" ind1=" " ind2=" ">
    <subfield code="a">9789384761189</subfield>
    <subfield code="c">450.00</subfield>
  </datafield>
  <datafield tag="035" ind1=" " ind2=" ">
    <subfield code="a">B-747657-668</subfield>
  </datafield>
  <datafield tag="037" ind1=" " ind2=" ">
    <subfield code="b">Adhunik</subfield>
  </datafield>
  <datafield tag="082" ind1=" " ind2=" ">
    <subfield code="a">000</subfield>
  </datafield>
  <datafield tag="100" ind1=" " ind2=" ">
    <subfield code="a">Bhupendra, Kr. Singh</subfield>
  </datafield>
  <datafield tag="245" ind1=" " ind2=" ">
    <subfield code="a">Lucent's Verbal Reasoning/</subfield>
    <subfield code="c">Bhupendra Kr. Singh and Vibha Rani</subfield>
  </datafield>
  <datafield tag="260" ind1=" " ind2=" ">
    <subfield code="a">Patna</subfield>
    <subfield code="b">Lucent Publication</subfield>
    <subfield code="c">2022</subfield>
  </datafield>
  <datafield tag="270" ind1=" " ind2=" ">
    <subfield code="a">New Bypass Road, Ashochak</subfield>
    <subfield code="b">Patna</subfield>
    <subfield code="e">800030</subfield>
    <subfield code="k">9934016609</subfield>
    <subfield code="m">info@lucentpublication.com</subfield>
  </datafield>
  <datafield tag="300" ind1=" " ind2=" ">
    <subfield code="a">714p.</subfield>
    <subfield code="c">27cm(pbk)</subfield>
  </datafield>
  <datafield tag="700" ind1=" " ind2=" ">
    <subfield code="a">Rani, Vibha</subfield>
  </datafield>
  <datafield tag="942" ind1=" " ind2=" ">
    <subfield code="2">ddc</subfield>
    <subfield code="c">EN</subfield>
    <subfield code="m">BHU</subfield>
    <subfield code="h">000</subfield>
  </datafield>
  <datafield tag="952" ind1=" " ind2=" ">
    <subfield code="0">0</subfield>
    <subfield code="1">0</subfield>
    <subfield code="4">0</subfield>
    <subfield code="7">0</subfield>
    <subfield code="8">NFIC</subfield>
    <subfield code="a">L</subfield>
    <subfield code="b">L</subfield>
    <subfield code="d">2023-01-12</subfield>
    <subfield code="e">Adhunik Prakashan/1333/28.11.22/145/23.11.22/13.12.22</subfield>
    <subfield code="g">450.00</subfield>
    <subfield code="l">24</subfield>
    <subfield code="m">15</subfield>
    <subfield code="o">000 BHU</subfield>
    <subfield code="p">B-747657</subfield>
    <subfield code="r">2025-07-16 00:00:00</subfield>
    <subfield code="s">2025-06-04</subfield>
    <subfield code="t">1</subfield>
    <subfield code="v">450.00</subfield>
    <subfield code="y">EN</subfield>
  </datafield>
  <datafield tag="952" ind1=" " ind2=" ">
    <subfield code="0">0</subfield>
    <subfield code="1">0</subfield>
    <subfield code="4">0</subfield>
    <subfield code="7">0</subfield>
    <subfield code="8">NFIC</subfield>
    <subfield code="a">M</subfield>
    <subfield code="b">M</subfield>
    <subfield code="d">2023-01-12</subfield>
    <subfield code="e">Adhunik Prakashan/1333/28.11.22/145/23.11.22/13.12.22</subfield>
    <subfield code="g">450.00</subfield>
    <subfield code="l">0</subfield>
    <subfield code="o">000 BHU</subfield>
    <subfield code="p">B-747658</subfield>
    <subfield code="r">2023-01-12 00:00:00</subfield>
    <subfield code="t">4</subfield>
    <subfield code="v">450.00</subfield>
    <subfield code="w">2023-01-12</subfield>
    <subfield code="y">EN</subfield>
  </datafield>
  <datafield tag="952" ind1=" " ind2=" ">
    <subfield code="0">0</subfield>
    <subfield code="1">0</subfield>
    <subfield code="4">0</subfield>
    <subfield code="7">0</subfield>
    <subfield code="8">NFIC</subfield>
    <subfield code="a">M</subfield>
    <subfield code="b">M</subfield>
    <subfield code="d">2023-01-12</subfield>
    <subfield code="e">Adhunik Prakashan/1333/28.11.22/145/23.11.22/13.12.22</subfield>
    <subfield code="g">450.00</subfield>
    <subfield code="l">0</subfield>
    <subfield code="o">000 BHU</subfield>
    <subfield code="p">B-747659</subfield>
    <subfield code="r">2023-01-12 00:00:00</subfield>
    <subfield code="t">4</subfield>
    <subfield code="v">450.00</subfield>
    <subfield code="w">2023-01-12</subfield>
    <subfield code="y">EN</subfield>
  </datafield>
  <datafield tag="952" ind1=" " ind2=" ">
    <subfield code="0">0</subfield>
    <subfield code="1">0</subfield>
    <subfield code="4">0</subfield>
    <subfield code="7">0</subfield>
    <subfield code="8">NFIC</subfield>
    <subfield code="a">M</subfield>
    <subfield code="b">M</subfield>
    <subfield code="d">2023-01-12</subfield>
    <subfield code="e">Adhunik Prakashan/1333/28.11.22/145/23.11.22/13.12.22</subfield>
    <subfield code="g">450.00</subfield>
    <subfield code="l">0</subfield>
    <subfield code="o">000 BHU</subfield>
    <subfield code="p">B-747660</subfield>
    <subfield code="r">2023-01-12 00:00:00</subfield>
    <subfield code="t">4</subfield>
    <subfield code="v">450.00</subfield>
    <subfield code="w">2023-01-12</subfield>
    <subfield code="y">EN</subfield>
  </datafield>
  <datafield tag="952" ind1=" " ind2=" ">
    <subfield code="0">0</subfield>
    <subfield code="1">0</subfield>
    <subfield code="4">0</subfield>
    <subfield code="7">0</subfield>
    <subfield code="8">NFIC</subfield>
    <subfield code="a">M</subfield>
    <subfield code="b">M</subfield>
    <subfield code="d">2023-01-12</subfield>
    <subfield code="e">Adhunik Prakashan/1333/28.11.22/145/23.11.22/13.12.22</subfield>
    <subfield code="g">450.00</subfield>
    <subfield code="l">0</subfield>
    <subfield code="o">000 BHU</subfield>
    <subfield code="p">B-747661</subfield>
    <subfield code="r">2023-01-12 00:00:00</subfield>
    <subfield code="t">4</subfield>
    <subfield code="v">450.00</subfield>
    <subfield code="w">2023-01-12</subfield>
    <subfield code="y">EN</subfield>
  </datafield>
  <datafield tag="952" ind1=" " ind2=" ">
    <subfield code="0">0</subfield>
    <subfield code="1">0</subfield>
    <subfield code="4">0</subfield>
    <subfield code="7">0</subfield>
    <subfield code="8">NFIC</subfield>
    <subfield code="a">AV</subfield>
    <subfield code="b">AV</subfield>
    <subfield code="d">2023-01-12</subfield>
    <subfield code="e">Adhunik Prakashan/1333/28.11.22/145/23.11.22/13.12.22</subfield>
    <subfield code="g">450.00</subfield>
    <subfield code="l">9</subfield>
    <subfield code="m">6</subfield>
    <subfield code="o">000 BHU</subfield>
    <subfield code="p">B-747662</subfield>
    <subfield code="q">2025-09-15</subfield>
    <subfield code="r">2025-04-21 00:00:00</subfield>
    <subfield code="s">2025-04-21</subfield>
    <subfield code="t">1</subfield>
    <subfield code="v">450.00</subfield>
    <subfield code="y">EN</subfield>
  </datafield>
  <datafield tag="952" ind1=" " ind2=" ">
    <subfield code="0">0</subfield>
    <subfield code="1">0</subfield>
    <subfield code="4">0</subfield>
    <subfield code="7">0</subfield>
    <subfield code="8">NFIC</subfield>
    <subfield code="a">BL1</subfield>
    <subfield code="b">BL1</subfield>
    <subfield code="d">2023-01-12</subfield>
    <subfield code="e">Adhunik Prakashan/1333/28.11.22/145/23.11.22/13.12.22</subfield>
    <subfield code="g">450.00</subfield>
    <subfield code="l">0</subfield>
    <subfield code="o">000 BHU</subfield>
    <subfield code="p">B-747663</subfield>
    <subfield code="r">2023-01-12 00:00:00</subfield>
    <subfield code="t">1</subfield>
    <subfield code="v">450.00</subfield>
    <subfield code="y">EN</subfield>
  </datafield>
  <datafield tag="952" ind1=" " ind2=" ">
    <subfield code="0">0</subfield>
    <subfield code="1">0</subfield>
    <subfield code="4">0</subfield>
    <subfield code="7">0</subfield>
    <subfield code="8">NFIC</subfield>
    <subfield code="a">ZLS</subfield>
    <subfield code="b">ZLS</subfield>
    <subfield code="d">2023-01-12</subfield>
    <subfield code="e">Adhunik Prakashan/1333/28.11.22/145/23.11.22/13.12.22</subfield>
    <subfield code="g">450.00</subfield>
    <subfield code="l">13</subfield>
    <subfield code="m">20</subfield>
    <subfield code="o">000 BHU</subfield>
    <subfield code="p">B-747664</subfield>
    <subfield code="r">2024-07-03 00:00:00</subfield>
    <subfield code="s">2024-06-26</subfield>
    <subfield code="t">1</subfield>
    <subfield code="v">450.00</subfield>
    <subfield code="y">EN</subfield>
  </datafield>
  <datafield tag="952" ind1=" " ind2=" ">
    <subfield code="0">0</subfield>
    <subfield code="1">0</subfield>
    <subfield code="4">0</subfield>
    <subfield code="7">0</subfield>
    <subfield code="8">NFIC</subfield>
    <subfield code="a">RKP</subfield>
    <subfield code="b">RKP</subfield>
    <subfield code="d">2023-01-12</subfield>
    <subfield code="e">Adhunik Prakashan/1333/28.11.22/145/23.11.22/13.12.22</subfield>
    <subfield code="g">450.00</subfield>
    <subfield code="l">7</subfield>
    <subfield code="m">9</subfield>
    <subfield code="o">000 BHU</subfield>
    <subfield code="p">B-747665</subfield>
    <subfield code="r">2023-12-21 00:00:00</subfield>
    <subfield code="s">2023-12-02</subfield>
    <subfield code="t">1</subfield>
    <subfield code="v">450.00</subfield>
    <subfield code="y">EN</subfield>
  </datafield>
  <datafield tag="952" ind1=" " ind2=" ">
    <subfield code="0">0</subfield>
    <subfield code="1">0</subfield>
    <subfield code="4">0</subfield>
    <subfield code="7">0</subfield>
    <subfield code="8">NFIC</subfield>
    <subfield code="a">VP</subfield>
    <subfield code="b">VP</subfield>
    <subfield code="d">2023-01-12</subfield>
    <subfield code="e">Adhunik Prakashan/1333/28.11.22/145/23.11.22/13.12.22</subfield>
    <subfield code="g">450.00</subfield>
    <subfield code="l">8</subfield>
    <subfield code="m">11</subfield>
    <subfield code="o">000 BHU</subfield>
    <subfield code="p">B-747666</subfield>
    <subfield code="r">2025-05-16 00:00:00</subfield>
    <subfield code="s">2025-05-01</subfield>
    <subfield code="t">1</subfield>
    <subfield code="v">450.00</subfield>
    <subfield code="y">EN</subfield>
  </datafield>
  <datafield tag="952" ind1=" " ind2=" ">
    <subfield code="0">0</subfield>
    <subfield code="1">0</subfield>
    <subfield code="4">0</subfield>
    <subfield code="7">0</subfield>
    <subfield code="8">NFIC</subfield>
    <subfield code="a">BN</subfield>
    <subfield code="b">BN</subfield>
    <subfield code="d">2023-01-12</subfield>
    <subfield code="e">Adhunik Prakashan/1333/28.11.22/145/23.11.22/13.12.22</subfield>
    <subfield code="g">450.00</subfield>
    <subfield code="l">20</subfield>
    <subfield code="m">7</subfield>
    <subfield code="o">000 BHU</subfield>
    <subfield code="p">B-747667</subfield>
    <subfield code="r">2026-06-25 12:54:17</subfield>
    <subfield code="s">2026-06-15</subfield>
    <subfield code="t">1</subfield>
    <subfield code="v">450.00</subfield>
    <subfield code="y">EN</subfield>
  </datafield>
  <datafield tag="952" ind1=" " ind2=" ">
    <subfield code="0">0</subfield>
    <subfield code="1">0</subfield>
    <subfield code="4">0</subfield>
    <subfield code="7">0</subfield>
    <subfield code="8">NFIC</subfield>
    <subfield code="a">BL4</subfield>
    <subfield code="b">BL4</subfield>
    <subfield code="d">2023-01-12</subfield>
    <subfield code="e">Adhunik Prakashan/1333/28.11.22/145/23.11.22/13.12.22</subfield>
    <subfield code="g">450.00</subfield>
    <subfield code="l">10</subfield>
    <subfield code="m">10</subfield>
    <subfield code="o">000 BHU</subfield>
    <subfield code="p">B-747668</subfield>
    <subfield code="q">2024-02-12</subfield>
    <subfield code="r">2024-01-29 00:00:00</subfield>
    <subfield code="s">2024-01-29</subfield>
    <subfield code="t">1</subfield>
    <subfield code="v">450.00</subfield>
    <subfield code="y">EN</subfield>
  </datafield>
</record>
